000 00424nam a2200145Ia 4500
008 230917s9999||||xx |||||||||||||| ||und||
040 _e29394
_aMAIN
041 _aEnglish
082 _a709.54 L154L
100 _aMukhopadhyay, Amit, ed.
245 0 _aLalit Kala contemporary 42, special issue on Art and Nature: two renewable resources
260 _aNew Delhi
_bLalit Kala Akademi
_c1996
300 _a100 p.
942 _cBK
999 _c97006
_d97006